000 00604nam a2200181 a 4500
005 20140414132102.0
008 100722s19uu xx 00 eng d
020 _a978-1-84835-292-6
050 _aM 793.8
_bF78 2008
100 _aFullman, Joe.
245 _aCard tricks.
260 _aLaguna Hills, CA :
_bQED,
_c2008.
300 _a32 p.
440 _aMagic handbook
520 _a"Includes step-by-step, illustrated instructions for 13 card tricks, plus performance tips and stories of famous magicians"--Provided by publisher.
650 _aCard tricks --Juvenile literature.
999 _c114498
_d114498